000 01247naa a22002777a 4500
001 BR7405260
003 BR-BrBNA
005 20240918173605.0
007 ta
008 230509b bl.||||| |||| 00| 0 por d
040 _aBR-BrBNA
_bpor
_cBiblioteca Nacional de Agricultura
041 _a(Pt)
072 _aF28
_b/G514
090 _aF28 BR7405260
100 1 _aAnon.
111 1 _aMesas Redondas do Algodao, do Cafe e da Conservacao do Solo
_cSao Paulo, SP (Brazil)
_d1948
245 1 _aSugestoes sobre aproveitamento do solo para o "temario" da Mesa Redonda da Sociedade Rural Brasileira [Sao Paulo; Brasil]
260 3 _aSao Paulo, SP (Brasil):
_c1950.
500 _aAnais das Mesas Redondas do Algodao, do Cafe e da Conservacao do Solo; organizadas sob os auspicios do Instituto de Economia Rural, 1948/1949 Sao Paulo, SP (Brasil): 1950. p. 29-34 (BR7405260-AM)F28
650 _aErosao do solo
650 _aConservacao do solo
650 _aSao Paulo
773 0 _tAnais das Mesas Redondas do Algodao, do Cafe e da Conservacao do Solo; organizadas sob os auspicios do Instituto de Economia Rural, 1948/1949
_b
_wF28 BR7405260
_gSao Paulo, SP (Brasil), 1950. p. 29-34
909 _a202404
_bLucia
_c55
_dLucia Elande
942 _cAM
_2AGRIS
999 _c305611
_d305611